00557nam a2200169Ia 4500008004000000020001800040082001800058100002100076245003600097260006300133300001300196650001000209690000800219906001100227999001900238952013000257210210b1999 xxu||||| |||| 00| 0 eng d a0 07 463197 7 a658.4038 JAWM aJAWADEKAR (W S). aManagement information systems. aNew Delhi.bTata McGraw-Hill Publishing Company Ltd.c1999 axvii,523 aMIS  aMIS a054964 c102644d102644 001040708ManagementaALbALcManagementd2021-02-17g185.00l0o658.4038 JAWMp054964r2021-02-17 00:00:00w2021-02-17yBK